| 000 -ლიდერი |
| ფიქსირებული სიგრძის საკონტროლო ველი |
01116nam a22002417a 4500 |
| 003 - საკონტროლო ნომრის იდენტიფიკატორი |
| საკონტროლო ველი |
Ge_BSU |
| 005 - ბოლო ოპერაციის თარიღი და დრო |
| საკონტროლო ველი |
20201021111505.0 |
| 008 - ფიქსირებული სიგრძის მონაცემთა ელემენტები - ზოგადი ინფორმაცია |
| ფიქსირებული სიგრძის საკონტროლო ველი |
201021s2020 ge ||||| |||| 00| 0 geo d |
| 020 ## - წიგნის საერთაშორისო სტანდარტული ნომერი |
| International Standard Book Number |
9789941259883 |
| 041 ## - ენის კოდი |
| Language code of text/sound track or separate title |
geo |
| 080 ## - უნივერსალური ათობითი კლასიფიკაციის ინდექსი |
| Universal Decimal Classification number |
343(075.8) ლ-40 |
| 100 ## - მთავარი ჩანაწერი - პიროვნების სახელი |
| Personal name |
ლეკვეიშვილი, მ |
| 9 (RLIN) |
3505 |
| 245 ## - ცნობა სათაურის შესახებ |
| Title |
სისხლის სამართლის კერძო ნაწილი : |
| Remainder of title |
წიგნი II. / |
| Statement of responsibility, etc |
ავტ.: მამულაშვილი, გ. თოდუა, ნ.; რედ. გ. მამულაშვილი, ნ. თოდუა. |
| 250 ## - გამოცემის ცნობა |
| Edition statement |
მეექვსე გამოცემა. |
| 264 ## - წარმოების, გამოცემის, დისტრიბუციის და სხვა ცნობები |
| გამოცემის, წარმოების, დისტრიბუციის... ადგილი |
თბილისი : |
| გამოცემის, წარმოების, დისტრიბუციის... სახელწოდება |
მერიდიანი , |
| გამოცემის, წარმოების, დისტრიბუციის... თარიღი |
2020 . |
| 300 ## - ფიზიკური აღწერა |
| Extent |
687 გვ. |
| Other physical details |
20 სმ. |
| 653 ## - INDEX TERM--UNCONTROLLED |
| Uncontrolled term |
სამართალი |
| 653 ## - INDEX TERM--UNCONTROLLED |
| Uncontrolled term |
სისხლის სამართალი |
| 700 ## - ADDED ENTRY--PERSONAL NAME |
| Personal name |
მამულაშვილი, გ. |
| Relator term |
ავტორი |
| 9 (RLIN) |
9621 |
| 700 ## - ADDED ENTRY--PERSONAL NAME |
| Personal name |
თოდუა, ნ. |
| Relator term |
ავტორი |
| 9 (RLIN) |
9612 |
| 700 ## - ADDED ENTRY--PERSONAL NAME |
| Personal name |
მუმლაძე, დ. |
| Relator term |
ავტორი |
| 9 (RLIN) |
9622 |
| 942 ## - ADDED ENTRY ELEMENTS (KOHA) |
| Source of classification or shelving scheme |
|
| Koha item type |
წიგნი |